000 00390cam a2200157ua 4500
999 _c15735
_d15735
003 OSt
008 190925b ||||| |||| 00| 0 eng d
020 _a81-7097-001-6
082 _a627.52
_bRAD/IR
100 _aRadhelal, .
_94278
245 _aIrrigation hydraulics /
250 _a1 /
260 _aAllahabad :
_bAjiwan shiksha sansthar ,
_c1983.
300 _a456 ; .
942 _cBK